| 000 | 00428pab a2200157 454500 | ||
|---|---|---|---|
| 008 | 180718b2008 xxu||||| |||| 00| 0 eng d | ||
| 100 | _aContreras, Carlos Hoffmann | ||
| 245 | _aEnhancing accountability and transparency in Parliaments | ||
| 260 | _c2008 | ||
| 300 | _ap.59-63. | ||
| 650 | _aAccountability | ||
| 650 | _aParliament | ||
| 773 | _aConstitutional and Parliamentary Information | ||
| 908 | _aN | ||
| 909 | _a87495 | ||
| 999 |
_c87495 _d87495 |
||